LEADER 01597nam a2200313 u 4500 001 000000029134 003 CaOOAMICUS 005 20070226111900.0 008 970205s1905 gw u000 u fre u 035 $a10751089 040 $aEFR$bita 100 0 $aApuleius,$dsec. II.$0(OLS)http://pul/name/1176 240 10$aApologia$9(Apuleius, sec. II).$0(OLS)http://pul/title/39827 245 10$aApulei opera quae supersunt.$nII,$nFasc. I,$pApulaei Platonici Madaurensis Pro se de magia liber (Apologia) /$crecensuit Rudolfus Helm. 246 30$aApulei Platonici Madaurensis Pro se de magia liber (Apologia) 260 $aLipsiae :$bin aedibus B. G. Teubneri,$c1905. 300 $a45 p. ;$c20 cm 490 1 $aBibliotheca scriptorum Graecorum et Romanorum Teubneriana 500 $aIndex: p. [44]-45. 700 1 $aHelm, Rudolf Wilhelm Oskar,$d1872-1966.$0(OLS)http://pul/name/23611 830 0$aBibliotheca scriptorum Graecorum et Romanorum Teubneriana.$0(OLS)http://pul/title/1299 850 $aPUL 852 $aPUL$W1$xDP1 Fondo Ciprotti$y59$m1547 E 32$j40381$nBK-PRI$b $qFondi$B40381$CPULBib$Z2$F40381 $H $81 900 $aApuleio, Lucio,$dsec. II$91176 941 1 $a1 961 $aINV: Findo Ciprotti 996 $6245$aApulei opera quae supersunt.$nII,$nFasc. I,$pApulaei Platonici Madaurensis Pro se de magia liber (Apologia)$9(OLS)http://pul/title/39828 996 $6246$aApulei Platonici Madaurensis Pro se de magia liber (Apologia)$9(OLS)http://pul/title/39829 996 $6260$aLipsiae :$bin aedibus B. G. Teubneri$9(OLS)http://pul/publisher/47874 LEADER 01395nam a2200325 u 4500 001 000000129109 003 CaOOAMICUS 005 20120528174906.0 008 120528t2012 it u000 u ita r 020 $a978-88-211-6125-4 040 $aPUL$bita 082 04$a194 100 1 $aRousseau, Jean-Jacques,$d1712-1778.$0(OLS)http://pul/name/9887 245 10$aLettere morali /$cJean-Jacques Rousseau ; a cura di Guglielmo Forni Rosa. 260 $aMilano-Genova :$bMarietti 1820,$c2012. 300 $a125 p. ;$c21 cm. 490 1 $aLe vie ;$v15 504 $aBibliografia in nota. 600 14$aRousseau, Jean-Jacques,$d1712-1778.$0(OLS)http://pul/subject/4954 700 1 $aForni Rosa, Guglielmo.$0(OLS)http://pul/name/74193 700 1 $aRousseau, Jean-Jacques,$d1712-1778.$tOpere.$0(OLS)http://pul/nameTitle/903$0(OLS)http://pul/name/9887$0(OLS)http://pul/title/5258 830 3$aLe vie ;$v15.$0(OLS)http://pul/title/65577 850 $aPUL 852 $aPUL$W1$xSL Filosofia 3$y81$m194 ROUJE 3$j149485$qDDC 21$B148025$CPULBib$Z2$F148025 $H119753 $82 941 1 $a9 996 $6020$a978-88-211-6125-4$9(OLS)http://pul/number/149845 996 $6082$a194$9(OLS)http://pul/classification/382 996 $6245$aLettere morali$9(OLS)http://pul/title/163138 996 $6260$aMilano-Genova :$bMarietti 1820$9(OLS)http://pul/publisher/75646